NFL Team Receiving Leaders 2023 - Statistics

General Stats
  • This quiz has been taken 292 times
  • The average score is 107 of 160
Answer Stats
Player % Correct
Amon-Ra St. Brown
94%
Ja’Marr Chase
94%
Mark Andrews
94%
Zay Flowers
94%
DeVonta Smith
92%
Jonnu Smith
92%
Tyreek Hill
92%
A.J. Brown
91%
Justin Jefferson
91%
Marquise Brown
91%
Noah Brown
91%
Stefon Diggs
91%
Tee Higgins
91%
D.J. Moore
90%
Travis Kelce
90%
Chris Moore
89%
Elijah Moore
89%
Nico Collins
89%
Rondale Moore
89%
Amari Cooper
88%
CeeDee Lamb
88%
Mike Evans
88%
Tank Dell
88%
Michael Pittman Jr.
87%
Bijan Robinson
86%
Drake London
86%
Jaylen Waddle
86%
Joe Mixon
86%
Sam LaPorta
86%
Allen Robinson
85%
Demarcus Robinson
85%
George Pickens
85%
Kyle Pitts
85%
Wan'Dale Robinson
85%
Brandon Johnson
84%
Cedrick Wilson
84%
Cooper Kupp
84%
Courtland Sutton
84%
Davante Adams
84%
Diontae Johnson
84%
D.K. Metcalf
84%
Garrett Wilson
84%
Jameson Williams
84%
Juwan Johnson
84%
Keenan Allen
84%
Michael Wilson
84%
Roschon Johnson
84%
T.J. Hockenson
84%
Adam Thielen
83%
Chris Godwin
83%
Chris Olave
83%
Dalton Schultz
82%
David Njoku
82%
James Cook
82%
Jordan Addison
82%
Puka Nacua
82%
DeAndre Hopkins
81%
Deebo Samuel
81%
Odell Beckham Jr.
81%
Tyler Boyd
81%
Tyler Lockett
81%
Cole Kmet
80%
George Kittle
80%
Jerry Jeudy
80%
Alvin Kamara
79%
Brandon Aiyuk
79%
Christian McCaffrey
79%
Curtis Samuel
79%
Hunter Henry
79%
Isaiah Likely
79%
Christian Watson
78%
Gabriel Davis
78%
Justin Watson
78%
Terry McLaurin
78%
Calvin Ridley
77%
D'Andre Swift
77%
Rachaad White
77%
Rashee Rice
76%
Austin Ekeler
74%
Christian Kirk
74%
Evan Engram
74%
Kenneth Walker
74%
Logan Thomas
74%
Michael Thomas
74%
Rashod Bateman
74%
Travis Etienne
73%
Breece Hall
72%
Dalton Kincaid
72%
Jayden Reed
72%
Tony Pollard
72%
Dallas Goedert
70%
Jake Ferguson
70%
Romeo Doubs
70%
Saquon Barkley
70%
Jaxon Smith-Njigba
69%
Josh Jacobs
69%
Zay Jones
69%
Darnell Mooney
67%
Jakobi Meyers
66%
Brandin Cooks
65%
Jaylen Warren
65%
Jerome Ford
65%
Michael Mayer
65%
Noah Fant
64%
Trey McBride
64%
Darren Waller
63%
Chuba Hubbard
60%
Pat Freiermuth
60%
Tyler Higbee
60%
Cade Otton
58%
Darius Slayton
58%
Rashid Shaheed
58%
Josh Downs
57%
Jauan Jennings
55%
K.J. Osborn
55%
Allen Lazard
54%
Josh Palmer
52%
Josh Reynolds
52%
Trey Palmer
52%
Tyler Conklin
52%
Alec Pierce
51%
Khalil Shakir
51%
Michael Gallup
51%
Tucker Kraft
50%
Tyjae Spears
50%
Jahan Dotson
49%
Noah Gray
49%
Quentin Johnston
49%
Antonio Gibson
47%
Ezekiel Elliott
47%
Robert Woods
47%
Kenneth Gainwell
46%
Marquez Valdes-Scantling
45%
Gerald Everett
42%
DJ Chark
40%
Chigoziem Okonkwo
39%
Tutu Atwell
39%
Kendrick Bourne
38%
Dontayvion Wicks
37%
Demario Douglas
35%
DeVante Parker
35%
Samaje Perine
32%
Braxton Berrios
31%
Marvin Mims
30%
Durham Smythe
29%
Tommy Tremble
29%
Jalin Hyatt
27%
Kalif Raymond
25%
Jonathan Mingo
24%
Mack Hollins
23%
Greg Dortch
22%
Tre Tucker
20%
Nick Westbrook-Ikhine
19%
Tyler Scott
15%
Brandon Powell
14%
Kylen Granson
14%
Cedric Tillman
12%
Tanner Hudson
10%
Xavier Gipson
9%
Will Mallory
5%
No matching quizzes found
Score Distribution
Percent of People with Each Score
Percentile by Number Answered
Your Score History
You have not taken this quiz